00717cas a22002297ar450000500170000000800410001701000100005801100100006802200140007803500100009224500390010226000480014130000160018931000140020536200180021965000680023765000570030578000250036278500320038786600340041986600340045320220329142010.0981210d19921998fr br pernn 0 1b1eng d a76842 a778140 a1164-5571 a8751900aFundamental and Applied Nematology0 aMontpellier, France :bElsevier,c1992-1998 av. :bilus. aBimestral1 av.21 n.5 199814aNemátodos parásitos de plantasxPublicaciones periódicas.14aNemátodos parásitosxPublicaciones periódicas. tRevue de Nematologie tNematology a partir de 1999 av.16 n.1-v.20 n.4 (1993-1997) av.20 n.6-v.21 n.6 (1997-1998)